No habrá más penas ni olvido

Adaptación de la novela homónima del escritor argentino Osvaldo Soriano, que propone una mirada crítica no exenta de humor de la realidad política argentina. La película transcurre en un pequeño pueblo, en el que se enfrentan dos facciones del peronismo: una encabezada por el intendente, y otra repr...

Descripción completa

Guardado en:
Autor Principal: Olivera, Héctor.
Autor Corporativo: Aries Cinematográfica Argentina.
Otros Autores: Ayala, Fernando; Producción., Cossa, Roberto; Guion., Soriano, Osvaldo; Novela., Luppi, Federico; Reparto., Laplace, Víctor; Reparto., Bidonde, Héctor; Reparto., Ranni, Rodolfo; Reparto.
Formato: Deslizar
Idioma:Undetermined
Publicado: Argentina : Cinevista, 1983.
Materias:
Etiquetas: Agregar Etiqueta
Sin Etiquetas, Sea el primero en etiquetar este registro!
LEADER 01321ngm a22002775a 4500
001 CEM.cems020591
008 231030s1983####xx#---############vlund#d
005 20231030185450.0
245 1 0 |a No habrá más penas ni olvido  |h [videograbación] /  |c Héctor Olivera. 
260 |a Argentina :  |b Cinevista,  |c 1983. 
300 |a 76'. 
520 |a Adaptación de la novela homónima del escritor argentino Osvaldo Soriano, que propone una mirada crítica no exenta de humor de la realidad política argentina. La película transcurre en un pequeño pueblo, en el que se enfrentan dos facciones del peronismo: una encabezada por el intendente, y otra representada por el delegado municipal. 
590 |a Identificación anterior: 250 
538 |a Soporte: DVD -- Formato: AVI – Peso: 700mb -- Resolución: 624 x 336 -- 23.98 fps 
100 1 |a Olivera, Héctor. 
700 1 |a Ayala, Fernando; Producción. 
700 1 |a Cossa, Roberto; Guion. 
700 1 |a Soriano, Osvaldo; Novela. 
700 1 |a Luppi, Federico; Reparto. 
700 1 |a Laplace, Víctor; Reparto. 
700 1 |a Bidonde, Héctor; Reparto. 
700 1 |a Ranni, Rodolfo; Reparto. 
710 2 |a Aries Cinematográfica Argentina. 
653 |a LARGOMETRAJE 
653 |a FICCIÓN 
859 |a CEMS  |b BIB. CEMS - Depto. Recursos Didacticos  |h 778.5  |i OLI-3  |k DRD  |p 3194.23  |t Ej.1